Geographical Information System (Record no. 46895)

MARC details
000 -LEADER
fixed length control field 00483nam a2200193Ia 4500
008 - FIXED-LENGTH DATA ELEMENTS--GENERAL INFORMATION
fixed length control field 220531s9999 xx 000 0 und d
041 ## - LANGUAGE CODE
Language code of text/sound track or separate title eng
082 ## - DEWEY DECIMAL CLASSIFICATION NUMBER
Item number GEO / HAR
100 ## - MAIN ENTRY--PERSONAL NAME
Personal name Harichandan, A.
9 (RLIN) 85301
245 ## - TITLE STATEMENT
Title Geographical Information System
250 ## - EDITION STATEMENT
Edition statement 2ND
260 ## - PUBLICATION, DISTRIBUTION, ETC. (IMPRINT)
Place of publication, distribution, etc. New Delhi
Name of publisher, distributor, etc. Global vision
Date of publication, distribution, etc. 2017
300 ## - PHYSICAL DESCRIPTION
Extent 1
542 ## - INFORMATION RELATING TO COPYRIGHT STATUS
Copyright holder 15-03-2017
551 ## -
-- Geography
-- Non Grant
650 ## - SUBJECT ADDED ENTRY--TOPICAL TERM
Topical term or geographic name as entry element GIS
9 (RLIN) 85302
906 ## - LOCAL DATA ELEMENT F, LDF (RLIN)
d 2016-2017
f 10435
Holdings
Withdrawn status Lost status Source of classification or shelving scheme Damaged status Not for loan Collection code Home library Current library Date acquired Vendor Cost, normal purchase price Total Checkouts Total Holds Full call number Barcode Date last seen Cost, replacement price Bill Date Koha item type Original Barcode
    Dewey Decimal Classification       Shri Siddhivinayak Mahila Mahavidyalaya Shri Siddhivinayak Mahila Mahavidyalaya 30/03/2017 Bright Books 1250.00   1 /GEO/HAR/B/21406 SSMM-BK-21406 06/08/2022 1250.00 06/08/2022 Books 010021406